000 00842nam a22002057a 4500
999 _c16380
_d16380
003 AR-CdUCM
008 190503b ||||| |||| 00| 0 spa d
020 _a950-07-07-02-0
040 _aMUNICIPALIDAD PROVINCIAL DEL CUSCO
_cBIBLIOTECA MUNICIPAL DEL CUSCO
082 _a330.9 /
_bB84
245 _aLa situación en el mundo 1991 :
_bUn informe del Worldwatch Institute sobre el desarrollo y el medio ambiente /
260 _aBuenos Aires :
_bSudamericana,
_c1991.
300 _a355 paginas ;
_c23 cm.
505 _aContenido :Un muevo orden mundial --Diseño de un sistema energético preservador --Reducir derechos y ahorras materiales --Remodelación del transporte urbano ...
650 _aPoblación
_93673
650 _asistema energético
_935794
650 _aTransporte
_99473
942 _2ddc
_cLIBROS
945 _arjall
_d2019-05-03